| 000 | 01389cam a2200301 a 4500 | ||
|---|---|---|---|
| 005 | 20160609083803.0 | ||
| 008 | 980713s1997 enka b i000 0 eng d | ||
| 020 | _a2831703883 (pbk) | ||
| 040 |
_aUKM _cUKM _dCAW _dDLC _dCO-BoIAVH |
||
| 041 | 0 | _aeng | |
| 044 | _aenk | ||
| 082 | 0 | 0 |
_a333.784 _bG94c |
| 245 | 0 | 0 |
_aGuidelines for cave and karst protection / _cWorld Commission on Protected Areas (WCPA) ; sintetizado y editado por John Watson ... [y otros 3] for the WCPA Working Group on Cave and Karst Protection, IUCN |
| 260 |
_aCambridge, UK : _bIUCN, _cc1997. |
||
| 300 |
_ax, 53 páginas : _bilustraciones ; _c24 x 16 cm. |
||
| 500 | _a"IUCN Protection Area Programme"--Portada. | ||
| 504 | _aIncluye referencias bibliográficas: páginas 31-32. | ||
| 546 | _aTexto en inglés con las directrices de español y francés. | ||
| 650 | 2 | 4 |
_aConservación de Karst _xGuías, manuales, etc. |
| 650 | 2 | 6 |
_aCuevas _xconservación _vGuías, manuales, etc. |
| 700 | 1 |
_aWatson, John, _d1946- _eeditor |
|
| 700 | 1 |
_aHamilton-Smith, Elery _eeditor |
|
| 700 | 1 |
_aGillieson, David _eeditor |
|
| 700 | 1 |
_aKiernan, Kevin _eeditor |
|
| 710 | 2 |
_aIUCN World Commission on Protected Areas. _bWorking Group on Cave and Karst Protection. |
|
| 710 | 2 | _aInternational Union for Conservation of Nature and Natural Resources. | |
| 942 |
_2ddc _cLIBRO |
||
| 999 |
_c1178 _d1178 |
||